1952 1098 1819 1161 1509 1332 1456 1288 1487 1626 1105 1317 1704 1476 1853 1687 1794 1135 1113 1898 1777 1055 1613 1033 1938 1460 1701 1775 1576 1127 1033 1233 1600 1439 1665 1336 1566 1675 1735 1278 1368 1716 1516 1474 1742 1520 1415 1601 1122 1729 1376 1230 1456 1121 1613 1863 1138 1049 1068 1745 1124 1584 1019 1555 1225 1930 1348 1545 1063 1995 1065 1657 1435 1857 1230 1313 1867 1894 1083 1027 1733 1911 1117 1886 1121 1858 1738 1390 1221 1677 1849 1807 1889 1602 1149 1281 1587 1964 1648 BCNSPRNW ULIB Ver.6.0+V

เปลี่ยนเป็นภาษาไทย

Change to English
 แสดงรายละเอียดบรรณานุกรม
  กลับหน้าหลัก

Brief Record : Get Marc (ISO 2709) : E-mail record : QR code < ปิดหน้าต่าง
LEADER : 00000nam 2200000uu 4500
001    13399111767
003     ULIB
008    110627s2553||||th 000 0 tha d
020    9786160601295
090    นว.^bส731ค 2553
100 0  สิรินดา
245 00 ความรู้สึกดีที่เรียกว่ารัก : ลบรอยรัก/^cสิรินดา
250    พิมพ์ครั้งที่ 2
260    กรุงเทพฯ :^bแจ่มใส,^c2553
300    251 หน้า
945    ^p159^l0^i028061
995    ทศพร
999 ^a ใช้งานได้ทุกระบบ
รายการนี้ยังไม่มีแท็ก
คุณยังไม่ได้ล็อกอิน คุณสามารถมีกิจกรรมร่วมกับเว็บไซต์ได้ แต่ต้องล็อกอินก่อน ::
  ล็อกอิน

รายการสื่อสารสนเทศ

ลำดับที่ ประเภท เลขเรียก/บาร์โค้ด สถานที่ สถานะ
- ไม่พบข้อมูล -

รายการใกล้เคียง
    ผู้แต่ง [สิรินดา]

BibComment


ยังไม่เคยถูกคอมเมนท์

คอมเมนท์ทรัพยากรรายการนี้
  คอมเมนท์: ความรู้สึกดีที่เร..


 Copyright 2026. Bcnsprnw @Library